The geology and mineral resources of the Baling Area, Kedah and Perak

Bibliographic Details
Main Author: BURTON
Format: Book
Published: Ipoh, Perak : Geological Survey of Malaysia , 1970
Series:Geological Survey District Memoir ; 12
Geological survey of Malaysia
Subjects:

MARC

LEADER 00000cam a2200000 7i4500
001 0000002140
005 20021127.0
090 0 0 |a R555.95112   |b BUR 1970 
100 1 0 |a BURTON   |h C. K. 
245 1 4 |a The geology and mineral resources of the Baling Area, Kedah and Perak   |c by C.K. Burton 
260 0 0 |a Ipoh, Perak :   |b Geological Survey of Malaysia ,   |c 1970 
300 |a xx,150 p. :   |b ill., maps (some col. & fold. in pocket) ;   |c 26 cm. 
440 0 0 |a Geological Survey District Memoir ; 12 
440 0 0 |a Geological survey of Malaysia 
500 0 0 |a Includes bibliography : p.116-117 and index 
650 0 0 |a Geology   |x Surveys   |z Malaysia 
650 0 0 |a Mines and mineral resources   |z Malaysia 
998 |a JPSM 
999 |a 0000003551   |b Monograph   |c Reference   |e Default branch